| 000 | 00000nam##2200000za#4500 |
| 001 | 9.602871 |
| 003 | CaOODSP |
| 005 | 20240212134142 |
| 007 | cr ||||||||||| |
| 008 | 150406|1997||||xxc|||||o f|0| 0 fre|d |
| 040 | |aCaOODSP|bfre |
| 043 | |an-cn--- |
| 086 | 1 |aNE22-1/1997-3F-PDF |
| 110 | 1 |aCanada. |bOffice national de l'énergie. |
| 245 | 10|aMotifs de décision, Coastal Gas Marketing Company, Enron Capital & Trade Resources Corp., PanEnergy Marketing Limited Partnership, ProGas Limited (ventes à Great Plains Natural Gas Company), ProGas Limited (ventes à la ville de Perham, ProGas Limited (ventes au nord-est américain), United States Gypsum Company : |h[ressource électronique]|bdemandes de licences d'exportation de gaz naturel en vertu de la partie VI de la Loi sur l'Office national de l'énergie |
| 246 | 1 |iTitre de renvoi : |aCoastal Gas Marketing Company, Enron Capital & Trade Resources Corp., PanEnergy Marketing Limited Partnership, ProGas Limited (ventes à Great Plains Natural Gas Company), ProGas Limited (ventes à la ville de Perham, ProGas Limited (ventes au nord-est américain), United States Gypsum Company |
| 260 | |aCalgary - Alberta : |bOffice national de l'énergie |cMars 1997. |
| 300 | |a47p.|btableaux |
| 490 | 1 |aMotifs de décision|vGHW-2-96 |
| 500 | |aLe nº de catalogue (NE22-1/1997-3F) et l'ISBN (0-662-81858-X) de l'édition imprimée ont été incorrectement copiés dans cette édition électronique. |
| 590 | |a12-09-Supp|b2012-03-21 |
| 775 | 08|tReasons for decision, Coastal Gas Marketing Company, Enron Capital & Trade Resources Corp., PanEnergy Marketing Limited Partnership, ProGas Limited (sales to Great Plains Natural Gas Company), ProGas Limited (sales to the City of Perham), ProGas Limited (sales to the U.S. Northeast), United States Gypsum Company : |w(CaOODSP)9.572523 |
| 776 | 0#|tCoastal Gas Marketing Company, Enron Capital & Trade Resources Corp., PanEnergy Marketing Limited Partnership, ProGas Limited (ventes à Great Plains Natural Gas Company), ProGas Limited (ventes à la ville de Perham, ProGas Limited (ventes au nord-est américain), United States Gypsum Company : |w(CaOODSP)9.624232 |
| 830 | #0|aMotifs de décision (Canada. Office national de l'énergie)|vGHW-2-96|w(CaOODSP)9.500899 |
| 856 | 40|ahttp://publications.gc.ca|qPDF|s133 Ko|uhttps://publications.gc.ca/collections/Collection/NE22-1-1997-3F.pdf|yGHW-2-96 |